000 01538nam1a2200361 i 4500
001 RU\NLR\b_ik\159943
005 20241225154844.0
035 _a(NLR Aleph) 002232822
090 _a3450971
_c3450971
100 _a20070627d2004 u y0rusy50 ba
101 0 _aeng
102 _aRU
105 _a||||z |||||
200 1 _aChronopathology of hemostasis system
_fL.G. Khetagurova, K.D. Salbiev, F.S. Datiyeva
210 _aVladikavkaz
_cПроект-пресс
_d2004
215 _d25
300 _aЗагл. обл.: Chronopathology
320 _aБиблиогр. в конце томов
463 1 _1001RU\NLR\b_ik\159280
_1200##$aVol. 1
_0RU\NLR\b_ik\159280
_93442466
_p159 с.
_tChronopathology of hemostasis system. - Vol. 1
_y5-88734-001-0
463 0 _1001RU\NLR\b_ik\159255
_0RU\NLR\b_ik\159255
_93442141
_fL.G. Khetagurova, K.D. Salbiyev, M.R. Katayeva [et al.]
_p255 с.
_tChronopathology of hemostasis system. - Vol. 2
_y5-88734-002-9
517 1 _aChronopathology
541 0 _aХронопатология гемостаза
_zrus
606 1 _aГемостаз
_xХронопатология
_92483646
_3RU\NLR\AUTH\661474168
606 1 _aХронопатофизиология
_92483574
_3RU\NLR\AUTH\661474132
686 1 _aР252
686 1 _aР252.71
700 1 _aChetagurova
_bL. G.
_gLarisa Georgievna
_4070
701 1 _aSalbiev
_bK. D.
_gKazbek Dachcikoevič
_4070
702 1 _aDatieva
_bF. S.
_gFatima Sergeevna
801 0 _aRU
_bNLR
_c20070627
_gRCR
852 _aNLR
_bИк
_j2007-7/1297
942 _cBOOK